Cultural History of India (Record no. 111709)

MARC details
000 -LEADER
fixed length control field 00344nam a2200121Ia 4500
008 - FIXED-LENGTH DATA ELEMENTS--GENERAL INFORMATION
fixed length control field 211119s9999||||xx |||||||||||||| ||und||
082 ## - DEWEY DECIMAL CLASSIFICATION NUMBER
Classification number 954
Item number BAS-C
100 ## - MAIN ENTRY--PERSONAL NAME
Personal name Basham, A L
245 #0 - TITLE STATEMENT
Title Cultural History of India
260 ## - PUBLICATION, DISTRIBUTION, ETC.
Name of publisher, distributor, etc. Oxford
Place of publication, distribution, etc. 2000
Date of publication, distribution, etc. New York
650 ## - SUBJECT ADDED ENTRY--TOPICAL TERM
Topical term or geographic name entry element History&geography
942 ## - ADDED ENTRY ELEMENTS (KOHA)
Koha item type BOOK
650 ## - SUBJECT ADDED ENTRY--TOPICAL TERM
Form subdivision South Asia; IndiaGeneralia
General subdivision General Stack
Holdings
Withdrawn status Lost status Damaged status Not for loan Home library Current library Date acquired Cost, normal purchase price Total Checkouts Full call number Barcode Shelving location Date last seen Date last checked out Price effective from Koha item type
        SB LIBRARY SB LIBRARY 19/11/2021 345.00 1 954 BAS-C 00125156 GENERAL STACK 31/12/2024 18/12/2024 19/11/2021 BOOK

Powered by Koha